000 00763nac a22001931u 4500
008 100906t xxu||||| |||| 00| 0 eng d
020 _a9812542930
082 0 0 _a005.756
_bR598
100 _aRitchie, Colin
_918336
245 0 0 _aRelational databases principles /
_cColin Ritchie.
250 _a2nd ed.
260 _aNew Delhi :
_bContinuum,
_cc2002.
300 _axi, 298 p. :
_bill. ;
_c25 cm.
490 1 _aState of the art report ;
_v14:5
_918337
500 _aIncludes bibliographical references and index.
650 0 _aRelational databases.
_918338
942 _cBB
_k005.756R598
_2ddc
999 _c588
_d588